Manual de normas vigentes en materia de derechos humanos

Saved in:
Bibliographic Details
Corporate Authors: OEA (Author), Organización de Estados Americanos (Author)
Format: Book
Language:Spanish
Published: Washington, D.C Secretaría General OEA 1979
Subjects:
Tags: Add Tag
No Tags, Be the first to tag this record!

MARC

LEADER 00000nam a2200000 a 4500
001 UCR3249
003 CL-VaPUC
008 980124e19790329US |||||||||||||||||spa|d
082 0 4 |a 323.4  |b OEA  |2 21 
110 2 |a OEA  |e author  |9 402174 
710 2 |a Organización de Estados Americanos  |e author  |9 402175 
245 1 0 |a Manual de normas vigentes en materia de derechos humanos 
300 |a 76 p 
942 |c BK 
945 |d 19980124 00:00:00  |a crobeson 
260 |a Washington, D.C  |b Secretaría General OEA  |c 1979 
600 0 7 |a OEA  |2 CL-VaPUC  |9 402174 
600 0 7 |a COMISION INTERAMERICANA SOBRE DERECHOS HUMANOS  |2 CL-VaPUC  |9 259252 
650 0 |a Derechos humanos  |9 223025 
650 7 |a DECLARACION AMERICANA DE LOS DERECHOS Y DEBERES DEL HOMBRE  |2 CL-VaPUC  |9 402176 
650 7 |a ESTATUTO DE LA COMISION SOBRE DERECHOS HUMANOS  |2 CL-VaPUC  |9 402177 
650 7 |a CONVENCIONES SOBRE DERECHOS HUMANOS  |2 CL-VaPUC  |9 402178 
583 |a last modification  |c 19980124 00:00:00  |k Rodrigo Vera 
999 |c 266345  |d 266343 
952 |0 0  |1 0  |4 0  |6 323_400000000000000_OEA_1979  |7 0  |8 A  |9 297813  |a BIBDER  |b BIBDER  |d 2019-11-20  |i 1941089  |o 323.4 OEA 1979  |p 1941089  |r 2023-01-25  |w 2019-11-20  |y BK  |k DER 
952 |0 0  |1 0  |4 0  |6 323_400000000000000_OEA_1979  |7 0  |8 A  |9 297814  |a BIBDER  |b BIBDER  |d 2019-11-20  |i 1941186  |o 323.4 OEA 1979  |p 1941186  |r 2023-01-25  |w 2019-11-20  |y BK  |k DER